000 00622nam a22002537a 4500
003 UA-OsUOA
001 25369
007 ta
008 20040402b un ||||| |||| 00| 0 ukr d
100 _aСвенцицкий А.Л.
090 _a316.6(075.8)
_bС24
942 _cBK
040 _aUA-OsUOA
_brus
_cUA-OsUOA
_dUA-OsUOA
245 _aСоциальная психология
_bУчебник
300 _a336 с.
955 _a0
041 _arus
080 _a316.6(075.8)
020 _a5-98032-448-8
260 _aМосква
_bПроспект
_c2004
044 _aRU
650 7 _2UDC
999 _c311662
_d311662